Štúdium prísad sulfonátového typu elektrickou vodivosťou

Bibliographic Details
Main Authors: Bačovský, Milan (Author), Štrauchová, Alžbeta (Author), Štrauchová, A. (Author)
Format: Article
Language:Slovak
PhysicalDescription:Obr. 9. Tb. 2.
Subjects:

MARC

LEADER 00000nab a2200000 a 4500
001 vtls000049009
003 SK-MaSNL
005 20260304053612.0
008 250422c1979 xo 0 slo
015 |a SNBRB19rr/mm-uuuuu 
035 |a CL0059105 
035 |a urn:nbn:sk:snk-abaoby 
035 |a (urnnbn)urn:nbn:sk:snk:ar-a0a354 
035 |a (uuid)43607c2e-89f2-46c6-bcf4-b1a81d2c6d63 
040 |a SNKBUCL  |b slo  |c SNKBUCL  |e AACR2 
041 0 |a slo 
044 |a xo  |c SK 
080 |a 621.89  |2 1981 
080 |a 665  |2 1981 
100 1 |a Bačovský, Milan  |4 aut  |9 978373 
245 1 0 |a Štúdium prísad sulfonátového typu elektrickou vodivosťou  |c Milan Bačovský, Alžbeta Štrauchová ; A. Štrauchová 
300 |b Obr. 9. Tb. 2. 
650 0 7 |a oleje motorové  |2 snkbucl  |9 894050 
655 7 |a články z novín a časopisov  |2 snkbucl  |9 267496 
700 1 |a Štrauchová, Alžbeta  |4 aut  |9 6248 
700 1 |a Štrauchová, A.  |4 aut  |9 573077 
773 0 |t Ropa a uhlie  |g Roč. 21, č. 11 (1979), s. 635-646 
850 |a Slovenská národná knižnica 
852 |a Slovenská národná knižnica 
958 |a article14 
958 |a OND 
958 |a RK 
958 |a EUIPO 
992 |a RBX 
999 |c 2714213  |d 2716143